书目信息 |
| 题名: |
缤纷小提琴
|
|
| 作者: | 海菲兹 著 ;张奕明 翻译 | |
| 分册: | ||
| 出版信息: | 上海 上海音乐出版社 2009.05 |
|
| 页数: | 121页 | |
| 开本: | 31cm | |
| 丛书名: | ||
| 单 册: | ||
| 中图分类: | J657.21(712) | |
| 科图分类: | ||
| 主题词: | 小提琴--器乐曲--美国--现代--选集 , 小提琴 , 器乐曲 | |
| 电子资源: | ||
| ISBN: | 978-7-80751-325-4 | |
| 000 | 01224ncm0 2200313 450 | |
| 001 | 010010024925 | |
| 005 | 20100325104612.93 | |
| 010 | @a978-7-80751-325-4@dCNY50.00 | |
| 010 | @a978-7-80751-395-7@dCNY110.00(全3册) | |
| 100 | @a20090703d2009 em y0chiy0110 ea | |
| 101 | 1 | @achi@geng |
| 102 | @aCN@b310000 | |
| 105 | @aakg z 000yy | |
| 106 | @ar | |
| 200 | 1 | @a缤纷小提琴@9bin fen xiao ti qin@e海菲兹改编小品&华彩@dThe Heifetz collection@etranscriptions & cadenzas for violin and piano@f海菲兹著@g张奕明翻译@zeng |
| 210 | @a上海@c上海音乐出版社@d2009.05 | |
| 215 | @a121页@c照片@d31cm | |
| 300 | @a原版引进 | |
| 330 | @a这本书收录的作品完美地体现了海菲兹的风格。熟悉大师的天才,以及在唱片中听过他本人演奏这些作品的小提琴家们,一定会乐于演奏这些作品。 | |
| 510 | 1 | @aHeifetz collection@etranscriptions & cadenzas for violin and piano@zeng |
| 517 | 1 | @a海菲兹改编小品&华彩@9hai fei zi gai bian xiao pin & hua cai |
| 606 | 0 | @a小提琴@x器乐曲@y美国@z现代@j选集 |
| 606 | 0 | @a小提琴 |
| 606 | 0 | @a器乐曲 |
| 690 | @aJ657.21(712)@v4 | |
| 701 | 0 | @a海菲兹@9hai fei zi@f(1901~1987)@4著 |
| 702 | 0 | @a张奕明@9zhang yi ming@4翻译 |
| 801 | 0 | @aCN@bRENTIAN@c20100325 |
| 905 | @b799373-75@dJ657.21(712)@e524@f3 | |
| 缤纷小提琴:海菲兹改编小品&华彩=The Heifetz collection:transcriptions & cadenzas for violin and piano/海菲兹著/张奕明翻译.-上海:上海音乐出版社,2009.05 |
| 121页:照片;31cm |
| 原版引进 |
| ISBN 978-7-80751-325-4:CNY50.00 |
| 这本书收录的作品完美地体现了海菲兹的风格。熟悉大师的天才,以及在唱片中听过他本人演奏这些作品的小提琴家们,一定会乐于演奏这些作品。 |
| ● |
| 相关链接 |
|
|
|
|
正题名:缤纷小提琴
索取号:J657.21(712)/524
 
预约/预借
| 序号 | 登录号 | 条形码 | 馆藏地/架位号 | 状态 | 备注 |
| 1 | 799373 | 207993732 | 第一样本阅览室/ [索取号:J657.21(712)/524] | 在馆 | |
| 2 | 799374 | 207993741 | 第一借阅区/ [索取号:J657.21(712)/524] | 在馆 | |
| 3 | 799375 | 207993750 | 第一借阅区/ [索取号:J657.21(712)/524] | 在馆 |